000 01463nam a2200385 i 4500
001 ELB80156
003 FlNmELB
006 m o d |
007 cr cnu||||||||
008 170713s2016 ec o 000 0 spa d
020 _z9789978772621
020 _a9781512938616 (e book)
035 _a(MiAaPQ)EBC4849732
035 _a(Au-PeEL)EBL4849732
035 _a(CaPaEBR)ebr11379264
035 _a(OCoLC)1105427797
040 _aFINmELB
_bspa
_erda
_cFINmELB
050 4 _aLB1050.45
_bP9449 2016
080 _a37.025
082 0 _a372.47
_223
100 1 _aPérez, Consuelo.
245 1 0 _aComprensión lectora desde la transferencia del conocimiento /
_cConsuelo Pérez.
264 1 _aQuito :
_bEditorial de la Pontificia Universidad Católica del Ecuador,
_c2016.
300 _a1 recurso en línea (97 páginas)
336 _atexto
_btxt
_2rdacontent/spa
337 _acomputadora
_bc
_2rdamedia/spa
338 _arecurso en línea
_bcr
_2rdacarrier/spa
588 _aDescripción basada en recurso en línea; Título de la página del título en PDF (e-libro, visto July 13, 2017).
590 _aRecurso electronico. Santa Fe, Arg. : e-libro, 2016. Disponible via World Wide Web. El acceso puede ser limitado para las bibliotecas afiliadas a e-libro.
650 0 _aReading comprehension.
650 4 _aLectura.
655 4 _aLibros electrónicos.
797 2 _ae-libro, Corp.
856 4 0 _uhttps://elibro.net/ereader/usam/80156
999 _c153221
_d153221